Регионална библиотека "Любен Каравелов" - Русе

Как да пишем страхотни истории (Запис номер 204324)

MARC детайли
000 -Лидер
Контролно поле с фиксирана дължина 02204nam a2200481 a 4500
003 - Код на организацията, давaща контролен номер
Контролно поле BLK
005 - Дата и час на последна редакция
Контролно поле 20241021174148.0
008 - Елементи от данни с фиксирана дължина
fixed length control field 180411b bul|||||r ||||||| ||bul||
010 ## - Наследен системен номер
LC control number KNG00213881000
020 ## - Международен стандартен номер на книга ISBN
Международен стандартен номер на книга ISBN 978-619-151-367-3
040 ## - Източник на каталожния запис
Идентификатор на билиотеката - собственик на записа BLK
041 ## - Код за език
Код за езика на текст/звукозапис или на отделно заглавие Български
Код за езика КДБФ Български
072 #7 - Код за тематичната категория
Код организация bullib
Код за тематична категория Н86
Текст Детска отраслова литература Н
080 ## - УДК
Текстов определител УДК Авторство. Литературна дейност и техника. Творческо писане. Писане за публикуване
УДК код - определител по УДК 808.1
080 ## - УДК
Текстов определител УДК Издания за деца и юноши. Книжки-картинки. Читанки. Вж и 372.4 087.5
УДК код - определител по УДК 087.5
УДК определител :82.081
УДК - код + определител 087.5:808.1
100 1# - Редна дума - Автор
Автор Едж, Кристофър
Авторска отговорност първи автор
R(LIN) 66717
139 ## - Редно поле
Редна дума Едж, Кристофър
Авторски знак Еде - Е 28
245 10 - Сведения за заглавието
Заглавие Как да пишем страхотни истории
Подзаглавни данни Топ трикове и писателски тайни от експертите на Оксфорд
Редно поле (дума) Кристофър Едж ; прев. Юлия Спиридонова - Юлка ; нарис. Нейтън Рийд; * Юлка.
257 ## - Страна на издаване
Страна на създаване/издаване Великобритания
260 ## - Област на издателските данни
Име на издателя, разпространителя и проч. СофтПрес
Година на издаване 2017
Печатница Добрич : ФолиАрт
Място на издаване, разпространение и проч. София
300 ## - Физическа характеристика
Страници 128 с.
Илюстрации и др. с цв. ил.
Размери/Мащаб 24 см
380 ## - Жанр
Жанр Детска отраслова лит.
500 ## - Общи забележки
Забележка Ориг. загл. How to Write Your Best Story Ever / Christopher Edge. - Индекс.
650 #4 - Допълнително описание по предмет – тема
Основно описание – тема или топоним Творчество, литературно
9 (RLIN) 272965
650 #4 - Допълнително описание по предмет – тема
Основно описание – тема или топоним Творчество - у децата
9 (RLIN) 265147
650 #4 - Допълнително описание по предмет – тема
Основно описание – тема или топоним Писане, творческо
9 (RLIN) 350278
653 ## - Ключова дума – ненормативна
Ключова дума литература за деца
653 ## - Ключова дума – ненормативна
Ключова дума детска литература
659 ## - Тематичен бюлетин
Тематичен бюлетин Н
700 1# - Други автори (авторска отговорност)
Лично име Спиридонова, Юлия Симеонова
Друга информация Юлка
9 (RLIN) 366390
700 1# - Други автори (авторска отговорност)
Лично име Рийд, Нейтън
Автороска отговорност (Описва отношението между автора и произведението) нарис.
9 (RLIN) 386509
852 ## - Местоположение
Форматна сигнатура Цб 287922
856 4# - Електронен адрес и достъп
Електронен формат pdf - файл
856 4# - Електронен адрес и достъп
Електронен формат pdf - файл
942 ## - АРТИКУЛИ
Вид на библиотечния материал Книги
Скрит в OPAC Не
Koha issues (borrowed), all copies 18
Периодичен библиозапис Да
944 ## - СЪЗДАВАНЕ И РЕДАКЦИЯ на ЗАПИСА
Създаване/Редакция Създаване
Дата на регистрацията/редакция 30.10.2017
Служител, извършил регистрацията/редакцията 30542
Статус, дата на статуса Русанова Ирена
944 ## - СЪЗДАВАНЕ И РЕДАКЦИЯ на ЗАПИСА
Създаване/Редакция Редакция
Дата на регистрацията/редакция 27.03.2018
Служител, извършил регистрацията/редакцията Виолета_Тройчева
944 ## - СЪЗДАВАНЕ И РЕДАКЦИЯ на ЗАПИСА
Създаване/Редакция Редакция
Дата на регистрацията/редакция 2021-03-09
Служител, извършил регистрацията/редакцията СТ
999 ## - СИСТЕМНИ КОНТРОЛНИ НОМЕРА
Koha biblionumber 204324
Koha biblioitemnumber 204324
999 ## - СИСТЕМНИ КОНТРОЛНИ НОМЕРА
Koha biblioitemnumber 204324
999 ## - СИСТЕМНИ КОНТРОЛНИ НОМЕРА
Koha biblioitemnumber 204324
999 ## - СИСТЕМНИ КОНТРОЛНИ НОМЕРА
Koha biblioitemnumber 204324
999 ## - СИСТЕМНИ КОНТРОЛНИ НОМЕРА
Koha biblioitemnumber 204324
Наличности
Код за отписване Код за изгубен артикул Източник на класификационната схема Код за повреда Коз за рестрикции Код за отдаване Артикулен № Име на библиотеката - собственик Име на библиотеката, в която се намира в момента Статус (Текущо местоположение) Дата на вписване в системата Местоположение - отдел Цена в лева Инвентарен номер Систематично азбучна сигнатура Баркод Номер на екземпляра Цена в евро Служебна бележка Служебен тип на артикула
  Не е изгубен Universal Decimal Classification Не е повреден без рестрикции заемане за дома 352355 Регионална библиотека "Любен Каравелов" Русе Регионална библиотека "Любен Каравелов" Русе Детски отдел 2017-10-30 Детски отдел 9.00 120000816621 ДН 821.09/Е 26 К 120000816621 1 4.60 Дост: Pk Вид: Ф N: 890 Дата: 26.10.2017 Книги
  Не е изгубен Universal Decimal Classification Не е повреден без рестрикции заемане за дома 352356 Регионална библиотека "Любен Каравелов" Русе Регионална библиотека "Любен Каравелов" Русе Детски отдел 2018-03-14 Детски отдел 8.40 120000820124 ДН 821.09/Е 26 К 120000820124 2 4.29 Дост: Pk Вид: Ф N: 70703 Дата: 14.03.2018 Книги
  Не е изгубен Universal Decimal Classification Не е повреден само за читалня ползва се в читалня 678180 Регионална библиотека "Любен Каравелов" Русе Регионална библиотека "Любен Каравелов" Русе Хранилище 2018-07-04 Хранилище 12.90 120000820835 Цб 287922 120000820835   6.60   Книги
  Не е изгубен Universal Decimal Classification Не е повреден   заемане за дома 688654 Регионална библиотека "Любен Каравелов" Русе Регионална библиотека "Любен Каравелов" Русе Детски отдел 2019-02-02 Детски отдел 10.20   ДН 821.09/Е 26 К 120000829484   5.22   Книги
Vip Innovations Ltd, Rousse, Bulgaria 2025